ARRUPE JESUIT UNIVERSITY

CORONAVIRUS -STOP THE SPREAD - CLEAN,DISINFECT,COVER

SWARUK (Record no. 126222)

MARC details
000 -LEADER
fixed length control field nam a22 7a 4500
005 - DATE AND TIME OF LATEST TRANSACTION
control field 20170302101850.0
008 - FIXED-LENGTH DATA ELEMENTS--GENERAL INFORMATION
fixed length control field 170223b xxu||||| |||| 00| 0 eng d
050 ## - LIBRARY OF CONGRESS CALL NUMBER
Classification number L PN2984
100 ## - MAIN ENTRY--PERSONAL NAME
Personal name SWAPAC
9 (RLIN) 29242
110 ## - MAIN ENTRY--CORPORATE NAME
Corporate name or jurisdiction name as entry element SWAPAC
9 (RLIN) 29054
245 ## - TITLE STATEMENT
Title SWARUK
Statement of responsibility, etc by SWAPAC and edited by Neumann, Manfred and photographs by Schroeder, R.
260 ## - PUBLICATION, DISTRIBUTION, ETC. (IMPRINT)
Place of publication, distribution, etc Windhoek
Name of publisher, distributor, etc SWAPAC
Date of publication, distribution, etc 1976
300 ## - PHYSICAL DESCRIPTION
Extent N/A
Dimensions 42cm.
650 ## - SUBJECT ADDED ENTRY--TOPICAL TERM
Topical term or geographic name as entry element South West Africa performing Art council
General subdivision History
9 (RLIN) 29055
650 ## - SUBJECT ADDED ENTRY--TOPICAL TERM
Topical term or geographic name as entry element Namibia
General subdivision Performing arts
9 (RLIN) 29056
700 ## - ADDED ENTRY--PERSONAL NAME
Personal name Neumann, Manfred
Relator term ed.
9 (RLIN) 29057
700 ## - ADDED ENTRY--PERSONAL NAME
Personal name Schroeder, R.
Relator term photographer
9 (RLIN) 29058
942 ## - ADDED ENTRY ELEMENTS (KOHA)
Source of classification or shelving scheme Library of Congress Classification
Item type Monograph ( Printed materials)
Holdings
Withdrawn status Lost status Source of classification or shelving scheme Damaged status Not for loan Collection code Home library Current library Shelving location Date acquired Total Checkouts Full call number Barcode Date last seen Price effective from Koha item type
    Library of Congress Classification     Main Collection ARRUPE LIBRARY ARRUPE LIBRARY Main Collection 23/02/2017   L PN2984 46500024434 23/02/2017 23/02/2017 Monograph ( Printed materials)

 

Arrupe Library. PO Box MP320 Mt Pleasant, Harare, Zimbabwe
263 242 745411|librarian@aju.ac.zw